<?xml version="1.0" encoding="UTF-8"?>
<record
    xmlns:xsi="http://www.w3.org/2001/XMLSchema-instance"
    xsi:schemaLocation="http://www.loc.gov/MARC21/slim http://www.loc.gov/standards/marcxml/schema/MARC21slim.xsd"
    xmlns="http://www.loc.gov/MARC21/slim">

  <leader>01870nam a22002897a 4500</leader>
  <controlfield tag="003">DO-SdBNP</controlfield>
  <controlfield tag="005">20211215135606.0</controlfield>
  <controlfield tag="007">ta</controlfield>
  <controlfield tag="008">211203b2019    dr abc|| |||| 00| 0 spa d</controlfield>
  <datafield tag="020" ind1=" " ind2=" ">
    <subfield code="a">9789945894684</subfield>
  </datafield>
  <datafield tag="040" ind1=" " ind2=" ">
    <subfield code="a">DO-SdBNP </subfield>
    <subfield code="b">spa</subfield>
    <subfield code="c">BNPHU </subfield>
  </datafield>
  <datafield tag="082" ind1=" " ind2="4">
    <subfield code="2">22</subfield>
  </datafield>
  <datafield tag="100" ind1="1" ind2=" ">
    <subfield code="a">L&#xF3;pez Belando, Adolfo Jos&#xE9;</subfield>
    <subfield code="9">80802</subfield>
  </datafield>
  <datafield tag="242" ind1=" " ind2=" ">
    <subfield code="y">El poblado Ta&#xED;no de Playa Grande informe arqueol&#xF3;gico</subfield>
  </datafield>
  <datafield tag="245" ind1="1" ind2="0">
    <subfield code="a">El poblado Ta&#xED;no de Playa Grande :</subfield>
    <subfield code="b">informe arquel&#xF3;gico /</subfield>
    <subfield code="c">Adolfo L&#xF3;pez Belando ; presentaci&#xF3;n Luis Scheker Ortiz.</subfield>
  </datafield>
  <datafield tag="260" ind1=" " ind2=" ">
    <subfield code="a">Santo Domingo :</subfield>
    <subfield code="b">Academia de Ciencias de la Rep&#xFA;blica Dominicana,</subfield>
    <subfield code="b">Shelley Foundation, </subfield>
    <subfield code="c">2019.</subfield>
  </datafield>
  <datafield tag="300" ind1=" " ind2=" ">
    <subfield code="a">299 p. :</subfield>
    <subfield code="b">il. ;</subfield>
    <subfield code="c">26 cm. </subfield>
  </datafield>
  <datafield tag="490" ind1="1" ind2=" ">
    <subfield code="a">Publicaciones de la Academia de Ciencias de la Rep&#xFA;blica Dominicana</subfield>
  </datafield>
  <datafield tag="500" ind1=" " ind2=" ">
    <subfield code="a">Incluye datos biogr&#xE1;ficos del autor en la  contracubierta.</subfield>
  </datafield>
  <datafield tag="504" ind1=" " ind2=" ">
    <subfield code="a">Bibliograf&#xED;a : p. 297-299</subfield>
  </datafield>
  <datafield tag="505" ind1="0" ind2=" ">
    <subfield code="a">Presentaci&#xF3;n -- Pre&#xE1;mbulo -- Reconocimientos -- Introducci&#xF3;n -- Antecedentes -- 
Desarrollo de los trabajos -- &#xC1;reas del establecimiento humano -- Playa Grande, Corte &#x2013; 1 -- Playa Grande, Corte &#x2013; 2 -- Playa Grande, Corte -- Playa Grande, Corte &#x2013; 4 -- Playa Grande, Corte &#x2013; 5 -- Playa Grande, Corte &#x2013; 6 -- Playa Grande, Corte &#x2013; 7 -- Playa Grande, Corte 7 (A-H) -- Playa Grande, Corte 8 -- Estudio estratigr&#xE1;fico de los Cortes 7 y 7 (A-H) -- Gr&#xE1;ficos estad&#xED;sticos de los materiales y los tipos -- Conclusiones de las excavaciones -- Herramientas obtenidas durante las excavaciones -- Producci&#xF3;n de hachas de jade&#xED;ta -- Tipos cer&#xE1;micos --Objetos con connotaciones rituales -- Objetos importados &#x2013; Bibliograf&#xED;a.
</subfield>
  </datafield>
  <datafield tag="590" ind1=" " ind2=" ">
    <subfield code="a">Inventariado, 2021 /LP

</subfield>
  </datafield>
  <datafield tag="700" ind1="1" ind2=" ">
    <subfield code="a">Scheker Ortiz, Luis, </subfield>
    <subfield code="e">present.</subfield>
    <subfield code="9">9515</subfield>
  </datafield>
  <datafield tag="830" ind1=" " ind2="0">
    <subfield code="a">Publicaciones de la Academia de Ciencias de la Rep&#xFA;blica Dominicana</subfield>
    <subfield code="9">80803</subfield>
  </datafield>
  <datafield tag="910" ind1=" " ind2=" ">
    <subfield code="a">Lop&#xE9;rez.</subfield>
  </datafield>
  <datafield tag="942" ind1=" " ind2=" ">
    <subfield code="2">ddc</subfield>
    <subfield code="c">LBS1</subfield>
  </datafield>
  <datafield tag="952" ind1=" " ind2=" ">
    <subfield code="0">0</subfield>
    <subfield code="1">0</subfield>
    <subfield code="2">ddc</subfield>
    <subfield code="5">1</subfield>
    <subfield code="7">0</subfield>
    <subfield code="8">PD</subfield>
    <subfield code="a">BNPHU</subfield>
    <subfield code="b">PD</subfield>
    <subfield code="c">HD</subfield>
    <subfield code="d">2021-12-03</subfield>
    <subfield code="e">Dep&#xF3;sito Legal </subfield>
    <subfield code="l">0</subfield>
    <subfield code="p">2021-28487</subfield>
    <subfield code="r">2021-12-03</subfield>
    <subfield code="w">2021-12-03</subfield>
    <subfield code="y">LFPD</subfield>
  </datafield>
  <datafield tag="952" ind1=" " ind2=" ">
    <subfield code="0">0</subfield>
    <subfield code="1">0</subfield>
    <subfield code="2">ddc</subfield>
    <subfield code="5">1</subfield>
    <subfield code="7">0</subfield>
    <subfield code="8">PD</subfield>
    <subfield code="a">BNPHU</subfield>
    <subfield code="b">PD</subfield>
    <subfield code="c">HD</subfield>
    <subfield code="d">2021-12-03</subfield>
    <subfield code="e">Dep&#xF3;sito Legal </subfield>
    <subfield code="l">0</subfield>
    <subfield code="p">2021-28488</subfield>
    <subfield code="r">2021-12-03</subfield>
    <subfield code="t">e.2</subfield>
    <subfield code="w">2021-12-03</subfield>
    <subfield code="y">LFPD</subfield>
  </datafield>
  <datafield tag="952" ind1=" " ind2=" ">
    <subfield code="0">0</subfield>
    <subfield code="1">0</subfield>
    <subfield code="2">ddc</subfield>
    <subfield code="5">6</subfield>
    <subfield code="7">0</subfield>
    <subfield code="8">DS</subfield>
    <subfield code="a">BNPHU</subfield>
    <subfield code="b">DO</subfield>
    <subfield code="c">HD</subfield>
    <subfield code="d">2021-12-03</subfield>
    <subfield code="e">Dep&#xF3;sito Legal </subfield>
    <subfield code="l">0</subfield>
    <subfield code="p">2021-28489</subfield>
    <subfield code="r">2021-12-03</subfield>
    <subfield code="t">e.3</subfield>
    <subfield code="w">2021-12-03</subfield>
    <subfield code="y">LFDS</subfield>
  </datafield>
  <datafield tag="952" ind1=" " ind2=" ">
    <subfield code="0">0</subfield>
    <subfield code="1">0</subfield>
    <subfield code="2">ddc</subfield>
    <subfield code="5">6</subfield>
    <subfield code="7">0</subfield>
    <subfield code="8">DS</subfield>
    <subfield code="a">BNPHU</subfield>
    <subfield code="b">DO</subfield>
    <subfield code="c">HD</subfield>
    <subfield code="d">2021-12-03</subfield>
    <subfield code="e">Donado por Editora B&#xFA;ho</subfield>
    <subfield code="l">0</subfield>
    <subfield code="p">2021-28491</subfield>
    <subfield code="r">2021-12-03</subfield>
    <subfield code="t">e.4</subfield>
    <subfield code="w">2021-12-03</subfield>
    <subfield code="y">LFDS</subfield>
  </datafield>
  <datafield tag="952" ind1=" " ind2=" ">
    <subfield code="0">0</subfield>
    <subfield code="1">0</subfield>
    <subfield code="2">ddc</subfield>
    <subfield code="5">6</subfield>
    <subfield code="7">0</subfield>
    <subfield code="8">DS</subfield>
    <subfield code="a">BNPHU</subfield>
    <subfield code="b">DO</subfield>
    <subfield code="c">HD</subfield>
    <subfield code="d">2021-12-03</subfield>
    <subfield code="e">Donado por Editora B&#xFA;ho</subfield>
    <subfield code="l">0</subfield>
    <subfield code="p">2021-28492</subfield>
    <subfield code="r">2021-12-03</subfield>
    <subfield code="t">e.5</subfield>
    <subfield code="w">2021-12-03</subfield>
    <subfield code="y">LFDS</subfield>
  </datafield>
  <datafield tag="999" ind1=" " ind2=" ">
    <subfield code="c">51093</subfield>
    <subfield code="d">51093</subfield>
  </datafield>
</record>
